Canadian Provinces & Territories by Population - Statistics

General Stats
  • This quiz has been taken 23 times
  • The average score is 12 of 13
Answer Stats
Population Province/Territory % Correct
5,000,879 British Columbia
100%
14,223,942 Ontario
100%
1,342,153 Manitoba
94%
8,501,833 Quebec
94%
4,262,635 Alberta
88%
510,550 Newfoundland and Labrador
88%
36,858 Nunavut
88%
154,331 Prince Edward Island
88%
1,132,505 Saskatchewan
88%
40,232 Yukon
88%
775,610 New Brunswick
82%
41,070 Northwest Territories
82%
969,383 Nova Scotia
82%
No matching quizzes found
Score Distribution
Percent of People with Each Score
Percentile by Number Answered
Your Score History
You have not taken this quiz